01127nam a2200289Ia 4500001001200000003000800012006001900020007001500039008004100054020001500095040002100110035002000131050002300151245007200174260005400246300001800300490006200318533015200380650001500532650002300547650001500570655002900585710001700614830006300631856012600694999001700820ebr10058600CaPaEBRm u cr cn|||||||||041017s2004 enka gs 000 0 eng d z0861769074 aCaPaEBRcCaPaEBR a(OCoLC)7072040714aJC423b.D46 2004eb00aDemocracy and the management of informationh[electronic resource]. a[Bradford, England] :bEmerald Group Pub.,c2004. a86 p. :bill.1 aLibrary management ;vv. 25, no. 1/2, 2004, special issue aElectronic reproduction.bPalo Alto, Calif. :cebrary,d2009.nAvailable via World Wide Web.nAccess may be limited to ebrary affiliated libraries. 0aDemocracy. 0aPolitical science. 0aLibraries. 7aElectronic books.2local2 aebrary, Inc. 0aLibrary management ;vv. 25, no. 1/2, 2004, special issue.40uhttp://site.ebrary.com/lib/rucke/Doc?id=10058600zAn electronic book accessible through the World Wide Web; click to view c70738d70738